Les souliers d'or 2000-2025 - Statistiques

Statistiques générales
  • Ce quiz a été pris 160 fois
  • Le résultat moyen est 17 sur 26
Statistiques - réponses
Hint Réponse % Correct
2025 Kylian Mbappé
99%
2019 Lionel Messi
97%
2018 Lionel Messi
97%
2017 Lionel Messi
97%
2013 Lionel Messi
97%
2012 Lionel Messi
97%
2010 Lionel Messi
97%
2015 Cristiano Ronaldo
96%
2014 Cristiano Ronaldo
96%
2011 Cristiano Ronaldo
96%
2008 Cristiano Ronaldo
96%
2022 Robert Lewandowski
90%
2021 Robert Lewandowski
90%
2023 Erling Haaland
87%
2016 Luis Suarez
81%
2005 Thierry Henry
70%
2004 Thierry Henry
70%
2024 Harry Kane
61%
2020 Ciro Immobile
26%
2009 Diego Forlan
20%
2007 Francesco Totti
12%
2006 Luca Toni
7%
2003 Roy Makaay
5%
2002 Mario Jardel
4%
2001 Henrik Larsson
3%
2000 Kevin Phillips
0%
Aucun quiz correspondant
Distribution des résultats
% des personnes avec chaque résultat
Percentile par nombre de réponses
Votre historique - résultats
Vous n’avez pas pris ce quiz